000 00607cam a2200181 a 4500
001 1179173
005 20250614135824.0
008 970108s1997 miu b 001 0 eng
020 _a0802808581 (pbk. : alk. paper)
020 _a0851114539 (alk. paper)
050 0 0 _aBS476
_b.D57 1997
082 0 0 _a220.6/01
_221
245 0 0 _aDisciplining hermeneutics :
_binterpretation in Christian perspective /
_cedited by Roger Lundin.
260 _aGrand Rapids, Mich. :
_bW.B. Eerdmans ;
_aLeicester, England :
_bAPOLLOS,
_c1997.
300 _aviii, 177 p. ;
_c23 cm.
700 1 _aLundin, Roger.
942 _2lcc
_cBK
_n0
999 _c6485
_d6485